II. etapa: Uspokojovanie potrieb obyvateľstva súvisiacich s bývaním a žiadúce smery ďalšieho rozvoja 2. časť: Rodina a bývanie z aspektu možností realizácie jej funkcií

Saved in:
Bibliographic Details
Main Author: Antalová, Mária, 1952-
Other Authors: Barochová, Zora, Cicvárková, Radoslava, Fridrichová, Hana, Koudelka, Ferdinand
Format: Book
Language:Slovak
Published: Bratislava Výskumný ústav sociálneho rozvoja a práce 1989
Tags: Add Tag
No Tags, Be the first to tag this record!

MARC

LEADER 00000nam$a2200000$$$4500
001 0111531
005 20240502072232.5
041 0 |a slo 
044 |a SK 
245 1 0 |a II. etapa: Uspokojovanie potrieb obyvateľstva súvisiacich s bývaním a žiadúce smery ďalšieho rozvoja  |b 2. časť: Rodina a bývanie z aspektu možností realizácie jej funkcií 
264 1 |a Bratislava  |b Výskumný ústav sociálneho rozvoja a práce  |c 1989 
300 |a 89 s. 
100 1 |a Antalová, Mária, 1952- 
700 1 |a Barochová, Zora 
700 1 |a Cicvárková, Radoslava 
700 1 |a Fridrichová, Hana 
700 1 |a Koudelka, Ferdinand